European Geography General Knowledge #1 - Statistics

General Stats
  • This quiz has been taken 813 times
  • The average score is 11 of 20
Answer Stats
Question Answer % Correct
Name one of the Baltic countries? Estonia | Latvia | Lithuania
90%
What is the largest European island? Great Britain
88%
What is the capital of Catalonia? Barcelona
86%
How many country capitals are on the Danube River? 4
84%
What former Yugoslav country has its territory in the Alps? Slovenia
83%
What is the only European island country in the Mediterranean Sea? Malta
81%
What city was the capital of Russia before Moscow? St. Petersburg
79%
Norway is famous for what long, narrow inlets, created by a glaciers? Fjords
73%
What is the only European doubly landlocked country? Liechtenstein
64%
What is the largest ethnic group in the Netherlands? Dutch
63%
Three historical Czech lands are Czech Silesia, Moravia and... Bohemia
47%
To what mountain range belongs the highest European mountain? Caucasus
46%
What river passing through Lake Geneva? Rhone
39%
What sea lies between Dardanelles and Bosphorus? Sea of Marmara
35%
What kind of cross you can see in the flags of Iceland, Norway, Denmark... Nordic Cross
32%
What is the currency of Serbia? Dinar
29%
What historical and geographic region is devided by Russia and Finland? Karelia
29%
What is the full official name of Germany in English language? Federal Republic of Germany
24%
What is the largest lake in Central Europe? Lake Balaton
22%
What is the major water-traffic corridor in Venice? Grand Canal
18%
No matching quizzes found
Score Distribution
Percent of People with Each Score
Percentile by Number Answered
Your Score History
You have not taken this quiz